000 00506nam a2200181Ia 4500
001 21330
005 20260306172911.0
008 260306t2006||||xx |||||||||||||| ||spa||
041 _aESP
082 _a344.528
_bB24 T.1
100 _aBarandiarán Dempwolf, Roberto
_eAUT
245 0 _aJurisprudencia penal generada en el subsistema Anticorrupción:
_b(corrupción gubernamental)
260 _c2006
300 _a000 páginas :
_c24 cm.
650 _aGEN
654 _aCDE
942 _cLIB
_dJUS
_fJUS
_2ddc
_n
999 _c21330
_d21330